000 00474nam a2200181Ia 4500
008 090124s9999 xx 000 0 und d
082 _b119054
100 _aवाघे सुरेश
245 _a जगावेगळा
250 _a1
260 _c1981
300 _a180
600 _aवाघे सुरेश
630 _a जगावेगळा
700 _aवाघे सुरेश
730 _a जगावेगळा
942 _cBOOK
999 _c165140
_d165140